000
00263nam a22001097a 4500
040
_c
HS
082
_a
301
100
_a
ហ៊ីង សាលីន
245
_a
សង្គមវិទ្យា
260
_a
RUA
_b
ហ៊ីង សាលីន
_c
2006
942
_c
KB
999
_c
8445
_d
8445